| 000 | 01019nam a22002537a 4500 | ||
|---|---|---|---|
| 005 | 20170124103200.0 | ||
| 010 | _aA-404536 | ||
| 020 | _c22.00 | ||
| 035 | _aA-404536 | ||
| 037 | _bCen Lib/Ret | ||
| 040 |
_aDPL _bHN |
||
| 082 |
_a181.492 _bमहाप्र |
||
| 100 |
_aमहाप्रज्ञ _991446 |
||
| 245 |
_aअपने घर में / _cमहाप्रज्ञ |
||
| 246 |
_aApne ghar me _b by Mahapragy |
||
| 260 |
_aराजस्थान _bआदर्श साहित्य संघ प्रकाशन _c1988 |
||
| 270 |
_aचुरू _bराजस्थान |
||
| 300 |
_a248पृष्ठ. _c20सेमी(सजिल्द) |
||
| 650 |
_aदर्शन शास्त्र _991447 |
||
| 650 |
_aजैन दर्शन - दार्शनिक दृष्टिकोण _991448 |
||
| 650 |
_aPhilosophy _991449 |
||
| 650 |
_aJain philosophy - philosophical approach _991450 |
||
| 942 |
_2ddc _cHN _h181.492 _mमहाप्र |
||
| 999 |
_c120591 _d120591 |
||